000 01995nam2a2200277 4500
001 RU\NLR\BIBL_A\022724089
005 20260215052404.0
035 _a(NLR Aleph) 022724089
090 _a13553360
_c13553360
100 _a20110922d1841 u y0rusy50 ca
101 1 _arus
_afre
_cfre
102 _aRU
105 _abe z 000yy
200 1 _aЧасть вторая, содержащая в себе повествование Втораго и Третьяго Крестовых походов
_eс картою Христианских владений в Азии и планом Птолемаиды
210 _d1841
215 _a[2], 608 с., [2] л.: карта, пл.
300 _aЧасть текста фр.
327 1 _aСодерж. разд.: Кн. 5–8 ; Оправдательныя статьи
461 0 _1001RU\NLR\bibl\1811708
_12001#$aИстория крестовых походов$fсочинение Г. Мишо, члена Академии Французской$gперевел с французскаго Иван Бутовский$g[предисл.: Иван Бутовский]$vТ. 2
_1700#1$aМишо$bЖ. Ф.$f1767-1839$gЖозеф Франсуа$3RU\NLR\AUTH\7721946
_913551165
_aМишо, Ж. Ф. (1767-1839)
_cСанктпетербург [Санкт-Петербург]
_d1841
_e2-е изд., испр.
_fсочинение Г. Мишо, члена Академии Французской
_nпечатано в Военной Типографии
_p5 т.
_tИстория крестовых походов
_vТ. 2
518 1 _aЧасть вторая, содержащая в себе повествование второго и третьего крестовых походов
540 1 _aЧ. 2, содержащая в себе повествование второго и третьего крестовых походов
_zrus
852 _aNLR
_j18.8.8.1(2)
942 _cUNSPEC
980 _aNB